000 01232 a2200277 4500
003 BJBSDDR
005 20250210151922.0
007 ta
008 300419s2016 enk||||| |||| 00| 0 eng d
020 _a9781408840078
020 _a1408840073
040 _beng
_cDLC
041 _aeng
050 1 4 _aHM 846
_bC727g 2016
082 0 0 _a303.483
100 1 _aColvile, Robert
_93443
245 1 4 _aThe great acceleration :
_bhow the world is getting faster, faster /
_cRobert Colvile.
260 _aLondon :
_bBloomsbury Publishing,
_c2016.
300 _a390 pages :
_c23 cm.
505 0 _a Introduction Permanent revolution Quick reactions Fast friends The art of acceleration Tomorrow's news today The pace of politics Time is money Planet express Racing to destruction? Conclusion: Fast forward
520 _aColvile inspects the various ways in which the pace of life in our society is increasing and examines the evolutionary science behind our need for constant acceleration, as well as why it's unlikely we'll be able to slow down--or even want to.
650 4 _aInnovaciones tecnológicas
_xAspectos sociales
_91631
650 4 _aTecnología y civilización
_9595
942 _2lcc
_cBK
946 _idpf
999 _c122768
_d122768